[Event "Blitz 2018"]
[Site "Saint-Petersburg"]
[Date "2018.12.30"]
[Round "19"]
[Board "66"]
[White "Yakubboev Nodirbek (UZB)"]
[Black "Iljin Artem (RUS)"]
[Result "1/2-1/2"]
[LiveChessVersion "1.4.8"]
[BlackElo "2525"]
[WhiteElo "2388"]

1. d4 {[%clk 0:03:03]} d5 {[%clk 0:03:02]} 2. c4 {[%clk 0:02:55]} e6
{[%clk 0:03:03]} 3. Nf3 {[%clk 0:02:54]} Nf6 {[%clk 0:03:04]} 4. g3
{[%clk 0:02:52]} Be7 {[%clk 0:03:05]} 5. Bg2 {[%clk 0:02:52]} O-O
{[%clk 0:03:05]} 6. O-O {[%clk 0:02:52]} dxc4 {[%clk 0:03:05]} 7. Ne5
{[%clk 0:02:49]} c5 {[%clk 0:02:59]} 8. dxc5 {[%clk 0:02:48]} Qc7
{[%clk 0:03:01]} 9. Nxc4 {[%clk 0:02:48]} Qxc5 {[%clk 0:03:01]} 10. Qb3
{[%clk 0:02:20]} Nc6 {[%clk 0:02:48]} 11. Be3 {[%clk 0:02:20]} Qh5
{[%clk 0:02:48]} 12. Nc3 {[%clk 0:01:49]} e5 {[%clk 0:02:35]} 13. Rad1
{[%clk 0:01:26]} Ng4 {[%clk 0:01:31]} 14. h4 {[%clk 0:01:06]} Bxh4
{[%clk 0:01:18]} 15. gxh4 {[%clk 0:00:45]} Qxh4 {[%clk 0:01:19]} 16. Rfe1
{[%clk 0:00:44]} Qh2+ {[%clk 0:01:18]} 17. Kf1 {[%clk 0:00:44]} Nxe3+
{[%clk 0:01:06]} 18. Nxe3 {[%clk 0:00:30]} Bh3 {[%clk 0:01:05]} 19. f3
{[%clk 0:00:30]} Nd4 {[%clk 0:00:53]} 20. Qxb7 {[%clk 0:00:10]} Nf5
{[%clk 0:00:39]} 21. Ncd5 {[%clk 0:00:08]} Nh4 {[%clk 0:00:13]} 22. Bxh3
{[%clk 0:00:05]} Qxh3+ {[%clk 0:00:14]} 23. Kg1 {[%clk 0:00:05]} Qg3+
{[%clk 0:00:14]} 24. Kh1 {[%clk 0:00:05]} Qh3+ {[%clk 0:00:10]} 25. Kg1
{[%clk 0:00:06]} Qg3+ {[%clk 0:00:07]} 26. Kf1 {[%clk 0:00:06]} Qh3+
{[%clk 0:00:07]} 1/2-1/2

[Event "Blitz 2018"]
[Site "Saint-Petersburg"]
[Date "2018.12.30"]
[Round "19"]
[Board "67"]
[White "Tissir Mohamed (MAR)"]
[Black "Zubritskiy Artyom (RUS)"]
[Result "0-1"]
[LiveChessVersion "1.4.8"]
[BlackElo "2513"]
[WhiteElo "2381"]

1. e4 {[%clk 0:03:03]} c5 {[%clk 0:03:04]} 2. Nc3 {[%clk 0:03:03]} d6
{[%clk 0:03:05]} 3. Nf3 {[%clk 0:03:04]} Nf6 {[%clk 0:03:07]} 4. d4
{[%clk 0:03:05]} cxd4 {[%clk 0:03:08]} 5. Nxd4 {[%clk 0:03:06]} a6
{[%clk 0:03:10]} 6. Bc4 {[%clk 0:03:03]} e6 {[%clk 0:03:11]} 7. Bb3
{[%clk 0:03:04]} Be7 {[%clk 0:03:12]} 8. g4 {[%clk 0:03:05]} O-O {[%clk 0:02:18]}
9. g5 {[%clk 0:03:05]} Nfd7 {[%clk 0:01:57]} 10. Rg1 {[%clk 0:03:06]} Nc6
{[%clk 0:01:33]} 11. h4 {[%clk 0:03:05]} Nc5 {[%clk 0:01:29]} 12. h5
{[%clk 0:03:03]} Bd7 {[%clk 0:00:56]} 13. Be3 {[%clk 0:03:00]} Nxb3
{[%clk 0:00:52]} 14. axb3 {[%clk 0:03:00]} b5 {[%clk 0:00:51]} 15. h6
{[%clk 0:02:57]} g6 {[%clk 0:00:48]} 16. f4 {[%clk 0:02:46]} Rc8 {[%clk 0:00:25]}
17. Rxa6 {[%clk 0:02:39]} b4 {[%clk 0:00:26]} 18. Nxc6 {[%clk 0:02:38]} Bxc6
{[%clk 0:00:18]} 19. Qd4 {[%clk 0:02:37]} f6 {[%clk 0:00:18]} 20. Qxb4
{[%clk 0:02:36]} d5 {[%clk 0:00:11]} 21. Bc5 {[%clk 0:02:37]} Bxc5
{[%clk 0:00:07]} 22. Qxc5 {[%clk 0:02:38]} Bb7 {[%clk 0:00:08]} 23. Qd6
{[%clk 0:02:35]} Bxa6 {[%clk 0:00:08]} 24. Qxe6+ {[%clk 0:02:34]} Kh8
{[%clk 0:00:09]} 25. Qxa6 {[%clk 0:02:31]} dxe4 {[%clk 0:00:10]} 26. Ke2
{[%clk 0:02:22]} Qc7 {[%clk 0:00:06]} 27. gxf6 {[%clk 0:01:21]} Qxf4
{[%clk 0:00:07]} 28. Qa7 {[%clk 0:01:10]} Qf3+ {[%clk 0:00:07]} 29. Ke1
{[%clk 0:01:11]} Qxf6 {[%clk 0:00:06]} 30. Nxe4 {[%clk 0:00:38]} Qh4+
{[%clk 0:00:07]} 31. Kd1 {[%clk 0:00:37]} Qxh6 {[%clk 0:00:08]} 32. Qd4+
{[%clk 0:00:32]} Qg7 {[%clk 0:00:09]} 33. Qxg7+ {[%clk 0:00:25]} Kxg7 34. c3 Rfe8
{[%clk 0:00:10]} 35. Ng5 {[%clk 0:00:18]} Rcd8+ {[%clk 0:00:06]} 36. Kc1
{[%clk 0:00:18]} Re2 {[%clk 0:00:06]} 37. Nf3 {[%clk 0:00:16]} Rf8
{[%clk 0:00:04]} 38. Nd4 {[%clk 0:00:15]} Ree8 {[%clk 0:00:05]} 39. b4
{[%clk 0:00:15]} Rf2 {[%clk 0:00:06]} 40. b5 {[%clk 0:00:16]} h5 {[%clk 0:00:06]}
41. b4 {[%clk 0:00:08]} Ra8 {[%clk 0:00:07]} 42. Kb1 {[%clk 0:00:09]} Raa2
{[%clk 0:00:08]} 43. b6 {[%clk 0:00:06]} Ra6 {[%clk 0:00:08]} 44. b7
{[%clk 0:00:06]} Rb6 {[%clk 0:00:09]} 45. Ne6+ {[%clk 0:00:04]} Kh6
{[%clk 0:00:10]} 46. Nc5 {[%clk 0:00:06]} Rf5 {[%clk 0:00:10]} 47. Kc2
{[%clk 0:00:06]} Rxc5 {[%clk 0:00:11]} 48. bxc5 {[%clk 0:00:08]} Rxb7
{[%clk 0:00:12]} 49. Kd3 {[%clk 0:00:09]} h4 {[%clk 0:00:13]} 50. Kc4
{[%clk 0:00:11]} g5 {[%clk 0:00:14]} 51. c6 {[%clk 0:00:12]} Rf7 {[%clk 0:00:11]}
52. Rd1 {[%clk 0:00:11]} h3 {[%clk 0:00:10]} 53. Rd7 {[%clk 0:00:12]} h2
{[%clk 0:00:09]} 54. Rxf7 {[%clk 0:00:13]} h1=Q {[%clk 0:00:10]} 55. c7
{[%clk 0:00:05]} Qc6+ {[%clk 0:00:10]} 56. Kd4 {[%clk 0:00:04]} Kg6
{[%clk 0:00:07]} 57. Re7 {[%clk 0:00:04]} Kf5 {[%clk 0:00:04]} 58. c4
{[%clk 0:00:05]} g4 {[%clk 0:00:04]} 59. c5 {[%clk 0:00:07]} g3 {[%clk 0:00:05]}
60. Rh7 {[%clk 0:00:06]} Kf4 {[%clk 0:00:05]} 61. Rf7+ {[%clk 0:00:07]} Kg4
{[%clk 0:00:06]} 62. Kc4 {[%clk 0:00:07]} g2 {[%clk 0:00:07]} 63. Rg7+
{[%clk 0:00:07]} Kf3 {[%clk 0:00:08]} 64. Rg6 {[%clk 0:00:08]} Qxg6
{[%clk 0:00:07]} 65. c8=Q {[%clk 0:00:09]} Qg4+ 66. Qxg4+ {[%clk 0:00:08]} Kxg4
{[%clk 0:00:08]} 67. c6 {[%clk 0:00:09]} g1=Q {[%clk 0:00:09]} 68. Kd5
{[%clk 0:00:10]} Qg3 {[%clk 0:00:10]} 69. Ke6 {[%clk 0:00:11]} Qc7
{[%clk 0:00:11]} 0-1

[Event "Blitz 2018"]
[Site "Saint-Petersburg"]
[Date "2018.12.30"]
[Round "19"]
[Board "68"]
[White "Khismatullin Denis (RUS)"]
[Black "Baron Tal (ISR)"]
[Result "1-0"]
[LiveChessVersion "1.4.8"]
[BlackElo "2421"]
[WhiteElo "2674"]

1. b3 {[%clk 0:03:02]} e5 {[%clk 0:03:04]} 2. Bb2 {[%clk 0:03:03]} Nc6
{[%clk 0:03:05]} 3. e3 {[%clk 0:03:05]} d5 {[%clk 0:03:06]} 4. Nf3
{[%clk 0:03:04]} Bd6 {[%clk 0:02:58]} 5. c4 {[%clk 0:03:02]} Nf6 {[%clk 0:02:56]}
6. cxd5 {[%clk 0:02:54]} Nxd5 {[%clk 0:02:57]} 7. d3 {[%clk 0:02:39]} O-O
{[%clk 0:02:52]} 8. a3 {[%clk 0:02:41]} f5 {[%clk 0:02:36]} 9. Nbd2
{[%clk 0:02:41]} Be6 {[%clk 0:02:22]} 10. b4 {[%clk 0:02:40]} a6 {[%clk 0:02:23]}
11. Be2 {[%clk 0:02:25]} Kh8 {[%clk 0:02:10]} 12. Nc4 {[%clk 0:02:20]} Qf6
{[%clk 0:01:39]} 13. O-O {[%clk 0:02:20]} Rae8 {[%clk 0:01:39]} 14. Rc1
{[%clk 0:02:13]} Bf7 {[%clk 0:01:27]} 15. d4 {[%clk 0:01:40]} e4 {[%clk 0:01:14]}
16. Nfe5 {[%clk 0:01:40]} Bxe5 {[%clk 0:01:11]} 17. Nxe5 {[%clk 0:01:26]} Nxe5
{[%clk 0:01:11]} 18. dxe5 {[%clk 0:01:26]} Qg6 {[%clk 0:01:12]} 19. Kh1
{[%clk 0:01:01]} f4 {[%clk 0:01:12]} 20. Bd4 {[%clk 0:00:57]} Be6
{[%clk 0:00:51]} 21. Bh5 {[%clk 0:00:55]} Qf5 {[%clk 0:00:26]} 22. Bxe8
{[%clk 0:00:55]} Rxe8 {[%clk 0:00:26]} 23. f3 {[%clk 0:00:56]} fxe3
{[%clk 0:00:23]} 24. f4 {[%clk 0:00:33]} Qg6 {[%clk 0:00:12]} 25. Qe1
{[%clk 0:00:30]} h5 {[%clk 0:00:04]} 26. Bxe3 {[%clk 0:00:30]} c6
{[%clk 0:00:05]} 27. Bc5 {[%clk 0:00:29]} Rd8 {[%clk 0:00:05]} 28. Rd1
{[%clk 0:00:30]} Rd7 {[%clk 0:00:06]} 29. Rd2 {[%clk 0:00:30]} Rf7
{[%clk 0:00:06]} 30. Rdf2 {[%clk 0:00:30]} Bf5 {[%clk 0:00:07]} 31. h3
{[%clk 0:00:28]} Kh7 {[%clk 0:00:07]} 32. Re2 Be6 {[%clk 0:00:04]} 33. Rxe4
{[%clk 0:00:24]} Nc3 {[%clk 0:00:04]} 34. Re3 {[%clk 0:00:21]} Bd5
{[%clk 0:00:05]} 35. Rg3 {[%clk 0:00:22]} Qc2 {[%clk 0:00:04]} 36. e6
{[%clk 0:00:17]} Rf6 {[%clk 0:00:04]} 37. Bd4 {[%clk 0:00:16]} Rxe6 38. Rxg7+
{[%clk 0:00:17]} Kh6 {[%clk 0:00:05]} 39. Qxc3 {[%clk 0:00:17]} Qxc3
{[%clk 0:00:04]} 40. Bxc3 {[%clk 0:00:18]} Re3 {[%clk 0:00:05]} 41. Be5
{[%clk 0:00:18]} Rxh3+ {[%clk 0:00:06]} 42. Kg1 {[%clk 0:00:19]} Rxa3
{[%clk 0:00:06]} 43. Rf2 {[%clk 0:00:18]} Ra4 {[%clk 0:00:06]} 44. Rxb7
{[%clk 0:00:18]} 1-0

[Event "Blitz 2018"]
[Site "Saint-Petersburg"]
[Date "2018.12.30"]
[Round "19"]
[Board "69"]
[White "Gabrielian Artur (RUS)"]
[Black "Danielyan Vahe (ARM)"]
[Result "1-0"]
[LiveChessVersion "1.4.8"]
[BlackElo "2417"]
[WhiteElo "2562"]

1. e4 {[%clk 0:03:03]} c5 {[%clk 0:03:04]} 2. Nc3 {[%clk 0:03:04]} a6
{[%clk 0:03:03]} 3. g3 {[%clk 0:03:03]} b5 {[%clk 0:03:03]} 4. Bg2
{[%clk 0:03:04]} Bb7 {[%clk 0:03:04]} 5. d3 {[%clk 0:03:03]} g6 {[%clk 0:03:04]}
6. f4 {[%clk 0:02:50]} Bg7 {[%clk 0:03:03]} 7. Nf3 {[%clk 0:02:50]} e6
{[%clk 0:03:03]} 8. e5 {[%clk 0:02:42]} Ne7 {[%clk 0:02:51]} 9. Be3
{[%clk 0:02:42]} d6 {[%clk 0:02:14]} 10. exd6 {[%clk 0:02:04]} Qxd6
{[%clk 0:02:13]} 11. Ne4 {[%clk 0:02:04]} Bxe4 {[%clk 0:02:10]} 12. dxe4
{[%clk 0:02:05]} Qc7 {[%clk 0:02:06]} 13. c3 {[%clk 0:02:03]} Nd7
{[%clk 0:02:04]} 14. O-O {[%clk 0:02:03]} Rd8 {[%clk 0:02:06]} 15. Qe2
{[%clk 0:02:04]} O-O {[%clk 0:02:05]} 16. a4 {[%clk 0:02:05]} b4 {[%clk 0:01:57]}
17. cxb4 {[%clk 0:02:05]} cxb4 {[%clk 0:01:59]} 18. Rac1 {[%clk 0:02:06]} Qb8
{[%clk 0:01:54]} 19. b3 {[%clk 0:02:04]} a5 {[%clk 0:01:42]} 20. Bf2
{[%clk 0:02:01]} e5 {[%clk 0:01:37]} 21. f5 {[%clk 0:01:40]} gxf5
{[%clk 0:01:38]} 22. Nh4 {[%clk 0:01:38]} f4 {[%clk 0:01:31]} 23. Bh3
{[%clk 0:01:26]} Nf6 {[%clk 0:01:22]} 24. Bc5 {[%clk 0:01:27]} Rfe8
{[%clk 0:00:56]} 25. Kh1 {[%clk 0:01:28]} Ng6 {[%clk 0:00:53]} 26. Nf5
{[%clk 0:01:27]} Qb7 {[%clk 0:00:46]} 27. Nd6 {[%clk 0:01:14]} Rxd6
{[%clk 0:00:42]} 28. Bxd6 {[%clk 0:01:15]} Nxe4 {[%clk 0:00:42]} 29. Bg2
{[%clk 0:01:16]} Qd7 {[%clk 0:00:32]} 30. Qxe4 {[%clk 0:01:12]} Qxd6
{[%clk 0:00:33]} 31. Rfd1 {[%clk 0:01:07]} Qe6 {[%clk 0:00:30]} 32. Rc4
{[%clk 0:00:43]} Qf6 {[%clk 0:00:21]} 33. Qc6 {[%clk 0:00:42]} Re6
{[%clk 0:00:15]} 34. Qa8+ {[%clk 0:00:41]} Bf8 {[%clk 0:00:17]} 35. Rc8
{[%clk 0:00:39]} fxg3 {[%clk 0:00:16]} 36. hxg3 {[%clk 0:00:37]} Kg7
{[%clk 0:00:13]} 37. Rf1 {[%clk 0:00:35]} Qg5 {[%clk 0:00:14]} 38. Qa7
{[%clk 0:00:32]} Be7 {[%clk 0:00:12]} 39. Qf2 {[%clk 0:00:26]} e4
{[%clk 0:00:12]} 40. Qxf7+ {[%clk 0:00:24]} Kh6 {[%clk 0:00:09]} 41. Qxe6
{[%clk 0:00:25]} Qxg3 {[%clk 0:00:08]} 42. Qh3+ {[%clk 0:00:25]} Qxh3+
{[%clk 0:00:09]} 43. Bxh3 {[%clk 0:00:27]} Bg5 {[%clk 0:00:08]} 44. Rc6
{[%clk 0:00:27]} e3 {[%clk 0:00:07]} 45. Bg4 {[%clk 0:00:28]} Kg7
{[%clk 0:00:07]} 46. Rxg6+ {[%clk 0:00:28]} 1-0

[Event "Blitz 2018"]
[Site "Saint-Petersburg"]
[Date "2018.12.30"]
[Round "19"]
[Board "70"]
[White "Demidov Mikhail (RUS)"]
[Black "Sanal Vahap (TUR)"]
[Result "0-1"]
[LiveChessVersion "1.4.8"]
[BlackElo "2488"]
[WhiteElo "2546"]

1. b3 e5 2. Bb2 Nc6 3. e3 g6 4. d3 Bg7 5. Nd2 d5 6. a3 Nf6 7. Be2 O-O 8. g4 Re8
9. h4 Qd7 10. g5 Ng4 11. h5 Qf5 12. Nh3 gxh5 13. Nf3 Qe6 14. Nh4 Ne7 15. Ng2 Nf5
16. Qd2 Qb6 17. Qb4 Qc6 18. Qd2 h6 19. gxh6 {[%clk 0:01:28]} Bxh6
{[%clk 0:01:23]} 20. Ng1 {[%clk 0:01:26]} d4 {[%clk 0:01:18]} 21. Bf3
{[%clk 0:01:27]} Qg6 {[%clk 0:00:59]} 22. Be4 {[%clk 0:01:23]} dxe3
{[%clk 0:00:54]} 23. fxe3 {[%clk 0:01:21]} Ngxe3 {[%clk 0:00:54]} 24. Nxe3
{[%clk 0:00:41]} Bxe3 {[%clk 0:00:53]} 25. Qh2 {[%clk 0:00:33]} Qg3+ 26. Ke2
Qxh2+ {[%clk 0:00:37]} 27. Rxh2 {[%clk 0:00:36]} Bf4 {[%clk 0:00:37]} 28. Rg2+
{[%clk 0:00:24]} Kf8 {[%clk 0:00:32]} 29. a4 {[%clk 0:00:13]} Ne3
{[%clk 0:00:28]} 30. Ba3+ {[%clk 0:00:13]} Re7 {[%clk 0:00:27]} 31. Bxe7+ Kxe7
32. Rg7 Nxc2 33. Rf1 Bg4+ 34. Bf3 Nd4+ 35. Kf2 Nxf3 36. Nxf3 Kf6 37. Rxg4 hxg4
38. Ne1 Rh8 39. Ng2 {[%clk 0:00:06]} Rh3 {[%clk 0:00:23]} 40. Rd1
{[%clk 0:00:07]} Rf3+ {[%clk 0:00:23]} 41. Ke2 {[%clk 0:00:08]} Rg3
{[%clk 0:00:20]} 42. Kf2 {[%clk 0:00:09]} Rf3+ 43. Ke2 Rh3 {[%clk 0:00:22]} 44.
d4 {[%clk 0:00:12]} Rh2 {[%clk 0:00:21]} 45. Kf2 {[%clk 0:00:12]} e4
{[%clk 0:00:22]} 46. Kg1 {[%clk 0:00:13]} Bd6 {[%clk 0:00:19]} 47. Re1
{[%clk 0:00:13]} Kf5 {[%clk 0:00:18]} 48. Rf1+ {[%clk 0:00:14]} Ke6
{[%clk 0:00:17]} 49. d5+ {[%clk 0:00:16]} Ke7 {[%clk 0:00:18]} 50. Ne3
{[%clk 0:00:16]} Rb2 {[%clk 0:00:14]} 51. Nf5+ {[%clk 0:00:15]} Ke8
{[%clk 0:00:14]} 52. Re1 {[%clk 0:00:15]} Bc5+ {[%clk 0:00:15]} 53. Kh1
{[%clk 0:00:16]} e3 {[%clk 0:00:14]} 54. Nxe3 {[%clk 0:00:16]} Bxe3
{[%clk 0:00:14]} 55. Rxe3+ {[%clk 0:00:17]} Kd7 {[%clk 0:00:15]} 56. Kg1 f5 57.
Re5 f4 58. Rf5 f3 59. Rg5 Rg2+ 60. Kf1 Kd6 61. b4 g3 62. a5 a6 63. Rf5 Rf2+ 64.
Kg1 Ke7 65. Rg5 Rg2+ 66. Kf1 {[%clk 0:00:18]} Kf6 {[%clk 0:00:17]} 67. Rg8 Ke5
68. Rg7 {[%clk 0:00:17]} Kxd5 {[%clk 0:00:17]} 69. Rxc7 Rf2+ 70. Kg1 Rb2 0-1

[Event "Blitz 2018"]
[Site "Saint-Petersburg"]
[Date "2018.12.30"]
[Round "19"]
[Board "71"]
[White "Drygalov Sergey (RUS)"]
[Black "Kryakvin Dmitry (RUS)"]
[Result "1-0"]
[LiveChessVersion "1.4.8"]
[BlackElo "2536"]
[WhiteElo "2428"]

1. d4 {[%clk 0:03:02]} d5 {[%clk 0:03:04]} 2. Nf3 Nf6 3. c4 {[%clk 0:03:04]} c6
{[%clk 0:03:07]} 4. e3 {[%clk 0:03:06]} Bf5 {[%clk 0:03:08]} 5. Nc3 e6 6. Nh4
{[%clk 0:03:08]} Be4 {[%clk 0:03:09]} 7. f3 Bg6 8. Qb3 {[%clk 0:03:09]} Qc7
{[%clk 0:03:11]} 9. g3 {[%clk 0:03:07]} Be7 {[%clk 0:03:11]} 10. Bd2
{[%clk 0:03:07]} Nbd7 {[%clk 0:03:04]} 11. cxd5 {[%clk 0:02:56]} exd5
{[%clk 0:03:05]} 12. Nxg6 {[%clk 0:02:45]} hxg6 {[%clk 0:03:05]} 13. Bg2
{[%clk 0:01:58]} Bd6 {[%clk 0:03:00]} 14. O-O-O {[%clk 0:01:53]} O-O-O
{[%clk 0:02:55]} 15. e4 {[%clk 0:01:54]} Be7 {[%clk 0:02:40]} 16. e5
{[%clk 0:01:38]} Ne8 {[%clk 0:02:34]} 17. f4 {[%clk 0:01:35]} Qb6
{[%clk 0:02:33]} 18. Qxb6 {[%clk 0:01:29]} Nxb6 {[%clk 0:02:32]} 19. b3
{[%clk 0:01:30]} Nc7 {[%clk 0:02:20]} 20. h4 {[%clk 0:01:30]} Ne6
{[%clk 0:02:09]} 21. Be3 {[%clk 0:01:30]} Bb4 {[%clk 0:01:55]} 22. Kc2
{[%clk 0:01:19]} Rd7 {[%clk 0:01:40]} 23. g4 {[%clk 0:01:09]} f5 {[%clk 0:01:27]}
24. Bh3 {[%clk 0:00:53]} fxg4 {[%clk 0:00:55]} 25. Bxg4 Re7 26. h5
{[%clk 0:00:48]} Bxc3 {[%clk 0:00:15]} 27. Kxc3 {[%clk 0:00:45]} c5
{[%clk 0:00:08]} 28. dxc5 {[%clk 0:00:39]} d4+ {[%clk 0:00:06]} 29. Rxd4
{[%clk 0:00:37]} Nd7 {[%clk 0:00:04]} 30. Rd6 {[%clk 0:00:38]} Nc7
{[%clk 0:00:03]} 31. Kc4 {[%clk 0:00:34]} Ne8 {[%clk 0:00:03]} 32. Rxd7 Rxd7 33.
Rd1 {[%clk 0:00:33]} 1-0

[Event "Blitz 2018"]
[Site "Saint-Petersburg"]
[Date "2018.12.30"]
[Round "19"]
[Board "72"]
[White "Bilguun Sumiya (MGL)"]
[Black "Geller Jakov (RUS)"]
[Result "0-1"]
[LiveChessVersion "1.4.8"]
[BlackElo "2528"]
[WhiteElo "2469"]

1. e4 {[%clk 0:03:03]} c5 {[%clk 0:03:03]} 2. Nf3 {[%clk 0:03:04]} e6
{[%clk 0:03:04]} 3. b3 {[%clk 0:03:05]} b6 {[%clk 0:03:05]} 4. Bb2
{[%clk 0:03:04]} Bb7 {[%clk 0:03:06]} 5. e5 {[%clk 0:03:05]} Nc6 {[%clk 0:03:00]}
6. g3 {[%clk 0:02:53]} d6 {[%clk 0:02:48]} 7. exd6 {[%clk 0:02:53]} Nf6
{[%clk 0:02:49]} 8. Bg2 {[%clk 0:02:48]} Bxd6 {[%clk 0:02:48]} 9. O-O
{[%clk 0:02:44]} O-O {[%clk 0:02:48]} 10. Na3 {[%clk 0:02:45]} Rc8
{[%clk 0:02:45]} 11. Re1 {[%clk 0:02:38]} Bb8 {[%clk 0:02:34]} 12. Nc4
{[%clk 0:02:27]} b5 {[%clk 0:02:28]} 13. Ne3 {[%clk 0:02:28]} Qd7
{[%clk 0:02:22]} 14. a4 {[%clk 0:02:18]} a6 {[%clk 0:02:12]} 15. axb5
{[%clk 0:02:06]} axb5 {[%clk 0:02:13]} 16. Bxf6 {[%clk 0:02:06]} gxf6
{[%clk 0:02:13]} 17. Ng4 {[%clk 0:02:03]} Kg7 {[%clk 0:02:10]} 18. d3
{[%clk 0:01:49]} f5 {[%clk 0:02:09]} 19. Qd2 {[%clk 0:01:31]} f4 {[%clk 0:01:32]}
20. Nfe5 {[%clk 0:01:19]} Nxe5 {[%clk 0:01:31]} 21. Nxe5 {[%clk 0:01:19]} Bxe5
{[%clk 0:01:31]} 22. Bxb7 {[%clk 0:01:06]} Bxa1 {[%clk 0:01:23]} 23. Bxc8
{[%clk 0:01:07]} Qd4 {[%clk 0:01:17]} 24. Re4 {[%clk 0:00:52]} Qc3
{[%clk 0:01:12]} 25. Qxc3+ {[%clk 0:00:46]} Bxc3 {[%clk 0:01:12]} 26. Bd7
{[%clk 0:00:47]} fxg3 {[%clk 0:00:59]} 27. hxg3 {[%clk 0:00:48]} b4
{[%clk 0:01:00]} 28. Kg2 {[%clk 0:00:46]} Ra8 {[%clk 0:00:57]} 29. Ba4
{[%clk 0:00:46]} Bd4 {[%clk 0:00:56]} 30. Rg4+ {[%clk 0:00:44]} Kf6
{[%clk 0:00:56]} 31. Rh4 {[%clk 0:00:44]} Rh8 {[%clk 0:00:54]} 32. Bc6
{[%clk 0:00:43]} h6 {[%clk 0:00:54]} 33. Rh1 {[%clk 0:00:44]} Ke7
{[%clk 0:00:52]} 34. Rh5 {[%clk 0:00:40]} Kd6 {[%clk 0:00:51]} 35. Ba4
{[%clk 0:00:36]} f5 {[%clk 0:00:52]} 36. Bb5 {[%clk 0:00:22]} Ke5
{[%clk 0:00:50]} 37. Rh1 {[%clk 0:00:23]} h5 {[%clk 0:00:50]} 38. Bc4
{[%clk 0:00:22]} Kf6 {[%clk 0:00:51]} 39. Bb5 {[%clk 0:00:22]} Kg5
{[%clk 0:00:37]} 40. f4+ {[%clk 0:00:21]} Kf6 {[%clk 0:00:37]} 41. Bc4
{[%clk 0:00:20]} e5 {[%clk 0:00:38]} 42. Kf3 {[%clk 0:00:17]} exf4
{[%clk 0:00:37]} 43. gxf4 {[%clk 0:00:16]} h4 {[%clk 0:00:31]} 44. Re1
{[%clk 0:00:11]} h3 {[%clk 0:00:27]} 45. Re6+ {[%clk 0:00:12]} Kg7
{[%clk 0:00:28]} 46. Re7+ {[%clk 0:00:14]} Kg6 {[%clk 0:00:29]} 47. Re6+
{[%clk 0:00:13]} Bf6 {[%clk 0:00:29]} 48. Re1 {[%clk 0:00:12]} h2
{[%clk 0:00:30]} 49. Kg2 {[%clk 0:00:14]} Bd4 {[%clk 0:00:28]} 50. Bd5
{[%clk 0:00:12]} Bg1 {[%clk 0:00:26]} 51. Kh1 {[%clk 0:00:14]} Kh5
{[%clk 0:00:20]} 52. Re5 {[%clk 0:00:12]} Kg4 {[%clk 0:00:21]} 53. Be6
{[%clk 0:00:14]} Rf8 {[%clk 0:00:21]} 54. Re1 {[%clk 0:00:09]} Kxf4
{[%clk 0:00:21]} 55. Bd7 {[%clk 0:00:11]} Kg3 {[%clk 0:00:16]} 56. Rf1
{[%clk 0:00:08]} f4 57. Bc6 f3 {[%clk 0:00:17]} 58. Be4 {[%clk 0:00:10]} Bd4
{[%clk 0:00:16]} 59. Re1 {[%clk 0:00:09]} Kf2 {[%clk 0:00:12]} 60. Rb1
{[%clk 0:00:08]} Be5 {[%clk 0:00:11]} 61. d4 {[%clk 0:00:09]} Bxd4
{[%clk 0:00:09]} 62. Bd3 {[%clk 0:00:08]} Rg8 {[%clk 0:00:07]} 63. Rf1+
{[%clk 0:00:09]} Ke3 {[%clk 0:00:08]} 64. Kxh2 {[%clk 0:00:10]} Be5+
{[%clk 0:00:09]} 65. Kh3 {[%clk 0:00:10]} Kf4 {[%clk 0:00:09]} 66. Kh2
{[%clk 0:00:04]} Rh8+ 67. Kg1 Bd4+ {[%clk 0:00:11]} 0-1

[Event "Blitz 2018"]
[Site "Saint-Petersburg"]
[Date "2018.12.30"]
[Round "19"]
[Board "73"]
[White "Belozerov Andrei (RUS)"]
[Black "Chen Qi B (CHN)"]
[Result "0-1"]
[LiveChessVersion "1.4.8"]
[BlackElo "2416"]
[WhiteElo "2518"]

1. e4 {[%clk 0:03:02]} e5 {[%clk 0:03:03]} 2. Nf3 {[%clk 0:03:03]} Nc6
{[%clk 0:03:04]} 3. Nc3 {[%clk 0:03:03]} Nf6 {[%clk 0:03:05]} 4. Bc4
{[%clk 0:03:04]} Bb4 {[%clk 0:02:49]} 5. Nd5 {[%clk 0:03:04]} Bc5
{[%clk 0:02:43]} 6. d3 {[%clk 0:02:58]} h6 {[%clk 0:02:44]} 7. Be3
{[%clk 0:02:41]} Bb6 {[%clk 0:02:39]} 8. Qd2 {[%clk 0:02:27]} d6 {[%clk 0:02:40]}
9. h3 {[%clk 0:02:22]} Be6 {[%clk 0:02:40]} 10. c3 {[%clk 0:01:38]} Bxd5
{[%clk 0:02:14]} 11. exd5 {[%clk 0:01:32]} Ne7 {[%clk 0:02:15]} 12. Bb5+
{[%clk 0:01:33]} c6 {[%clk 0:02:16]} 13. dxc6 {[%clk 0:01:34]} bxc6
{[%clk 0:02:17]} 14. Ba4 {[%clk 0:01:35]} O-O {[%clk 0:02:17]} 15. O-O
{[%clk 0:01:30]} Rb8 {[%clk 0:02:05]} 16. d4 {[%clk 0:01:23]} e4 {[%clk 0:02:03]}
17. Nh2 {[%clk 0:01:24]} d5 {[%clk 0:02:00]} 18. f3 {[%clk 0:01:15]} Bc7
{[%clk 0:01:59]} 19. Rab1 {[%clk 0:00:49]} Ng6 {[%clk 0:01:30]} 20. Bc2
{[%clk 0:00:40]} Qd6 {[%clk 0:01:26]} 21. g4 {[%clk 0:00:30]} Rfe8
{[%clk 0:01:12]} 22. f4 {[%clk 0:00:31]} Nh7 {[%clk 0:00:51]} 23. Qf2
{[%clk 0:00:31]} f5 {[%clk 0:00:45]} 24. Kh1 {[%clk 0:00:26]} Rf8
{[%clk 0:00:44]} 25. Rg1 {[%clk 0:00:26]} fxg4 {[%clk 0:00:38]} 26. Rxg4
{[%clk 0:00:26]} Nxf4 {[%clk 0:00:37]} 27. Rbg1 {[%clk 0:00:23]} Ng5
{[%clk 0:00:24]} 28. Bxf4 {[%clk 0:00:18]} Rxf4 {[%clk 0:00:25]} 29. Rxf4
{[%clk 0:00:14]} Qxf4 {[%clk 0:00:26]} 30. Qxf4 {[%clk 0:00:13]} Bxf4
{[%clk 0:00:27]} 31. Rb1 {[%clk 0:00:06]} Nxh3 {[%clk 0:00:18]} 32. Ba4
{[%clk 0:00:07]} Rb6 {[%clk 0:00:17]} 33. Kg2 {[%clk 0:00:07]} Ng5
{[%clk 0:00:17]} 34. Ng4 {[%clk 0:00:08]} Nf3 {[%clk 0:00:18]} 35. b4
{[%clk 0:00:06]} Kf7 {[%clk 0:00:12]} 36. Rb3 {[%clk 0:00:05]} Ra6
{[%clk 0:00:12]} 37. Ra3 {[%clk 0:00:05]} Bc1 {[%clk 0:00:13]} 38. Rb3
{[%clk 0:00:04]} Rxa4 39. b5 Rxa2+ {[%clk 0:00:14]} 40. Kg3 {[%clk 0:00:07]} cxb5
{[%clk 0:00:10]} 41. Rxb5 {[%clk 0:00:08]} h5 {[%clk 0:00:10]} 42. Nf2
{[%clk 0:00:08]} h4+ {[%clk 0:00:11]} 43. Kg4 {[%clk 0:00:07]} Rxf2
{[%clk 0:00:11]} 44. Rxd5 {[%clk 0:00:08]} e3 {[%clk 0:00:11]} 45. Rd7+
{[%clk 0:00:07]} Ke6 {[%clk 0:00:12]} 46. Rxg7 {[%clk 0:00:07]} e2
{[%clk 0:00:13]} 0-1

[Event "Blitz 2018"]
[Site "Saint-Petersburg"]
[Date "2018.12.30"]
[Round "19"]
[Board "74"]
[White "Bocharov Dmitry (RUS)"]
[Black "Mamatov Melis (KGZ)"]
[Result "0-1"]
[LiveChessVersion "1.4.8"]
[BlackElo "2213"]
[WhiteElo "2517"]

1. d4 {[%clk 0:03:02]} d5 {[%clk 0:03:03]} 2. c4 {[%clk 0:03:02]} c6
{[%clk 0:03:05]} 3. Nf3 {[%clk 0:03:02]} Nf6 {[%clk 0:03:06]} 4. Nbd2
{[%clk 0:02:53]} e6 {[%clk 0:03:05]} 5. g3 {[%clk 0:02:51]} Nbd7 {[%clk 0:03:01]}
6. Bg2 {[%clk 0:02:51]} Bd6 {[%clk 0:02:53]} 7. b3 {[%clk 0:02:50]} O-O
{[%clk 0:02:52]} 8. Bb2 {[%clk 0:02:49]} b6 {[%clk 0:02:12]} 9. O-O
{[%clk 0:02:42]} Bb7 {[%clk 0:02:13]} 10. Qc2 {[%clk 0:02:40]} Qe7
{[%clk 0:02:04]} 11. e4 {[%clk 0:02:26]} dxe4 {[%clk 0:01:58]} 12. Nxe4
{[%clk 0:02:27]} Nxe4 {[%clk 0:01:52]} 13. Qxe4 {[%clk 0:02:27]} Nf6
{[%clk 0:01:50]} 14. Qh4 {[%clk 0:02:27]} h6 {[%clk 0:01:38]} 15. Rfe1
{[%clk 0:02:24]} Rfd8 {[%clk 0:01:26]} 16. Rad1 {[%clk 0:02:23]} Nh7
{[%clk 0:01:01]} 17. Qe4 {[%clk 0:01:59]} Ng5 {[%clk 0:00:48]} 18. Nxg5
{[%clk 0:01:46]} Qxg5 {[%clk 0:00:45]} 19. h4 {[%clk 0:01:42]} Qa5
{[%clk 0:00:30]} 20. a3 {[%clk 0:01:38]} Rac8 {[%clk 0:00:16]} 21. b4
{[%clk 0:01:34]} Qf5 {[%clk 0:00:07]} 22. Qxf5 {[%clk 0:01:30]} exf5
{[%clk 0:00:08]} 23. c5 {[%clk 0:01:21]} Bf8 {[%clk 0:00:04]} 24. h5
{[%clk 0:01:17]} Rc7 {[%clk 0:00:00]} 0-1